Tvorba testovacích nástrojov z cudzích jazykov k jednoduchým odborným textom

Enregistré dans:
Détails bibliographiques
Auteur principal: Kucharová, Jana, 1981-
Format: Chapitre de livre
Langue:slovaque
Tags: Ajouter un tag
Pas de tags, Soyez le premier à ajouter un tag!

MARC

LEADER 00000naa$a2200000$$$4500
001 0213623
005 20240502073550.8
041 0 |a slo 
044 |a SK 
245 1 0 |a Tvorba testovacích nástrojov z cudzích jazykov k jednoduchým odborným textom  |c Jana Kucharová 
500 |a Abstrakt 
100 1 |a Kucharová, Jana, 1981-